| 000 | 00501nam a2200193 a 4500 | ||
|---|---|---|---|
| 001 | 1770711733526 | ||
| 003 | YourLibrary | ||
| 005 | 20260210141021.0 | ||
| 008 | 260210s1999##################000#0#eng## | ||
| 020 | _a9780851706771 | ||
| 082 | 0 | 4 |
_a306.440941 _bMAC |
| 100 | 1 |
_aMacCabe, Colin, _eauthor. |
|
| 245 | 1 | 0 | _aThe Eloquence of the Vulgar : |
| 260 | _c1999. | ||
| 300 | _a196 pages | ||
| 650 | 0 | _aLanguage Arts & Disciplines. | |
| 942 | _cENGLISH | ||
| 040 |
_aYourLibrary _beng _cYourLibrary |
||
| 999 |
_c611278 _d611278 |
||